00526 2200205 4500001002100000008004100021035002000062245002300082100001100105260004700116300001300163020002200176084001400198082000800212650002000220990001900240990001900259990002100278990002100299INLIS000000000001488 ind  a0010-0724001488 a3600 DETIKcCharon aCharon aJakarta :bPT Gramedia Pustaka Utamac2013 a200 hlm. a978-979-22-9530-6 a813 CHA d a813 aFiksi Indonesia aP29/CP/24/1488 aP29/CP/24/1488 aP29/CP/24/1488.2 aP29/CP/24/1488.3